Score 0/28 Timer 03:00
0 Plays Today
Clue 4-Letter Word % Correct
⚡You've done it, Neville! You've found the ____ of Requirement! ⚡ROOM
93.5%
An open surface for vehicles to travelROAD
92%
Part of the plant that attaches it to the groundROOT
91.8%
⚡You've got dirt on your ____, by the way. Did you know? ⚡NOSE
89.3%
⚡I mean, it's ____ of exciting, isn't it, breaking the rules? ⚡SORT
88.9%
A black powdery substance found in fireplacesSOOT
88%
Not any; zeroNONE
87.9%
To wanderROAM
87.7%
⚡ Honestly, don't you two ____? ⚡READ
87.4%
⚡Are you sure that's a ____ spell? Well, it's not very good, is it? ⚡REAL
87%
⚡ Feels strange to be going ____, doesn't it? ⚡HOME
86.3%
An unspecified amount or number of; not allSOME
82.2%
Suffering pain or aching from part of one's bodySORE
81.8%
A flexible tube conveying waterHOSE
81.4%
Clue 4-Letter Word % Correct
⚡This is devil's snare. You ____ to relax. ⚡HAVE
81.2%
To feel intense or passionate dislike for someoneHATE
77.6%
⚡ Mudblood's a really foul ____ for someone who's muggle-born. ⚡NAME
76.2%
A green citrus fruitLIME
75.5%
⚡This is a ____ turner, Harry. McGonagall gave it to me first term. ⚡TIME
73.2%
⚡Stop, stop, stop! You're going to ____ someone's eye out.⚡TAKE
71.5%
Either member of a breeding pair of animalsMATE
70.8%
⚡ The Sword of Gryffindor. It's Goblin-____. ⚡MADE
69.9%
⚡Always the ____ of surprise. ⚡TONE
67.7%
The main part of the interior of a churchNAVE
67.6%
A puff on a marijuana cigarette or pipeTOKE
64.9%
Unable to walk normally because of an injury to the leg or footLAME
63.9%
Not exciting, adventurous or controversialTAME
63.9%
To put a load or burden on or inLADE
54.2%

Today's Daily Dose

Remove Ads.
Support Sporcle.
Get the best of Sporcle when you Go Orange. This ad-free experience offers more features, more stats, and more fun while also helping to support Sporcle. Thank you for becoming a member.

You're not logged in!

Compare scores with friends on all Sporcle quizzes.
OR
Log In

Show Comments

Extras

Top Quizzes Today


Score Distribution

Your Account Isn't Verified!

In order to create a playlist on Sporcle, you need to verify the email address you used during registration. Go to your Sporcle Settings to finish the process.

Report this User

Report this user for behavior that violates our Community Guidelines.

Details: